<?xml version="1.0" encoding="UTF-8"?><?xml-stylesheet type="text/xsl" href="static/style.xsl"?><OAI-PMH xmlns="http://www.openarchives.org/OAI/2.0/" xmlns:xsi="http://www.w3.org/2001/XMLSchema-instance" xsi:schemaLocation="http://www.openarchives.org/OAI/2.0/ http://www.openarchives.org/OAI/2.0/OAI-PMH.xsd"><responseDate>2026-04-27T21:44:53Z</responseDate><request verb="GetRecord" identifier="oai:uvadoc.uva.es:10324/32409" metadataPrefix="marc">https://uvadoc.uva.es/oai/request</request><GetRecord><record><header><identifier>oai:uvadoc.uva.es:10324/32409</identifier><datestamp>2021-06-29T22:24:36Z</datestamp><setSpec>com_10324_38</setSpec><setSpec>col_10324_852</setSpec></header><metadata><record xmlns="http://www.loc.gov/MARC21/slim" xmlns:doc="http://www.lyncode.com/xoai" xmlns:xsi="http://www.w3.org/2001/XMLSchema-instance" xmlns:dcterms="http://purl.org/dc/terms/" xsi:schemaLocation="http://www.loc.gov/MARC21/slim http://www.loc.gov/standards/marcxml/schema/MARC21slim.xsd">
<leader>00925njm 22002777a 4500</leader>
<datafield tag="042" ind1=" " ind2=" ">
<subfield code="a">dc</subfield>
</datafield>
<datafield tag="720" ind1=" " ind2=" ">
<subfield code="a">Ayuso Martín, Irene</subfield>
<subfield code="e">author</subfield>
</datafield>
<datafield tag="260" ind1=" " ind2=" ">
<subfield code="c">2018</subfield>
</datafield>
<datafield tag="520" ind1=" " ind2=" ">
<subfield code="a">El presente Trabajo Fin de Grado se basa en el diseño y aplicación de una propuesta de intervención para la adquisición de habilidades socio - emocionales en niños con Trastorno del Espectro Autista (TEA). La propuesta se ha basado en el desarrollo de habilidades para reconocer emociones a través de expresiones faciales tanto en personas ajenas como en uno mismo, relacionar emociones con posibles eventos que pueden desencadenarlas y aprender regulación y autocontrol emocional. &#xd;
Este proyecto ha sido puesto en práctica en un centro de Educación Especial con un niño con TEA, obteniendo en el mismo resultados y conclusiones reales adquiridas tras su realización, pudiéndose comprobar así la utilidad del proyecto para la mejora de la calidad de vida del niño.</subfield>
</datafield>
<datafield tag="024" ind2=" " ind1="8">
<subfield code="a">http://uvadoc.uva.es/handle/10324/32409</subfield>
</datafield>
<datafield tag="245" ind1="0" ind2="0">
<subfield code="a">El Trastorno del Espectro Autista y la educación emocional. Propuesta de intervención en un centro de Educación Especial</subfield>
</datafield>
</record></metadata></record></GetRecord></OAI-PMH>